<?xml version="1.0" encoding="UTF-8"?>
<record
    xmlns:xsi="http://www.w3.org/2001/XMLSchema-instance"
    xsi:schemaLocation="http://www.loc.gov/MARC21/slim http://www.loc.gov/standards/marcxml/schema/MARC21slim.xsd"
    xmlns="http://www.loc.gov/MARC21/slim">

  <leader>02558nam a22002897a 4500</leader>
  <controlfield tag="003">NALT</controlfield>
  <controlfield tag="005">20231215142017.0</controlfield>
  <controlfield tag="008">231114b        th ||||| |||| 00| 0 tha d</controlfield>
  <datafield tag="020" ind1=" " ind2=" ">
    <subfield code="a">9789746792226</subfield>
  </datafield>
  <datafield tag="040" ind1=" " ind2=" ">
    <subfield code="a">NALT</subfield>
  </datafield>
  <datafield tag="050" ind1=" " ind2=" ">
    <subfield code="a">DS 566.2</subfield>
    <subfield code="b">&#xE2B;476&#xE17; 2557</subfield>
  </datafield>
  <datafield tag="100" ind1="0" ind2=" ">
    <subfield code="9">62128</subfield>
    <subfield code="a">&#xE2B;&#xE31;&#xE2A;&#xE0A;&#xE31;&#xE22; &#xE1A;&#xE38;&#xE0D;&#xE40;&#xE19;&#xE37;&#xE2D;&#xE07;</subfield>
  </datafield>
  <datafield tag="245" ind1="1" ind2="0">
    <subfield code="a">&#xE17;&#xE30;&#xE40;&#xE25;&#xE1D;&#xE31;&#xE19; : </subfield>
    <subfield code="b">&#xE2A;&#xE31;&#xE21;&#xE1C;&#xE31;&#xE2A;&#xE04;&#xE27;&#xE32;&#xE21;&#xE07;&#xE14;&#xE07;&#xE32;&#xE21;&#xE02;&#xE2D;&#xE07;&#xE17;&#xE30;&#xE40;&#xE25;&#xE44;&#xE17;&#xE22; /</subfield>
    <subfield code="c">&#xE2B;&#xE31;&#xE2A;&#xE0A;&#xE31;&#xE22; &#xE1A;&#xE38;&#xE0D;&#xE40;&#xE19;&#xE37;&#xE2D;&#xE07;.</subfield>
  </datafield>
  <datafield tag="246" ind1="1" ind2="8">
    <subfield code="a">&#xE04;&#xE39;&#xE48;&#xE21;&#xE37;&#xE2D;&#xE17;&#xE30;&#xE40;&#xE25;&#xE1D;&#xE31;&#xE19;.</subfield>
  </datafield>
  <datafield tag="250" ind1=" " ind2=" ">
    <subfield code="a">&#xE1E;&#xE34;&#xE21;&#xE1E;&#xE4C;&#xE04;&#xE23;&#xE31;&#xE49;&#xE07;&#xE41;&#xE23;&#xE01;.</subfield>
  </datafield>
  <datafield tag="260" ind1=" " ind2=" ">
    <subfield code="a">&#xE01;&#xE23;&#xE38;&#xE07;&#xE40;&#xE17;&#xE1E;&#xE2F; :</subfield>
    <subfield code="b">&#xE01;&#xE32;&#xE23;&#xE17;&#xE48;&#xE2D;&#xE07;&#xE40;&#xE17;&#xE35;&#xE48;&#xE22;&#xE27;&#xE41;&#xE2B;&#xE48;&#xE07;&#xE1B;&#xE23;&#xE30;&#xE40;&#xE17;&#xE28;&#xE44;&#xE17;&#xE22;,</subfield>
    <subfield code="c">2557.</subfield>
  </datafield>
  <datafield tag="300" ind1=" " ind2=" ">
    <subfield code="a">98 &#xE2B;&#xE19;&#xE49;&#xE32; : </subfield>
    <subfield code="b">&#xE20;&#xE32;&#xE1E;&#xE1B;&#xE23;&#xE30;&#xE01;&#xE2D;&#xE1A; ; </subfield>
    <subfield code="c">21 &#xE0B;&#xE21;.</subfield>
  </datafield>
  <datafield tag="505" ind1="0" ind2=" ">
    <subfield code="a">&#xE40;&#xE01;&#xE32;&#xE30;&#xE15;&#xE32;&#xE0A;&#xE31;&#xE22; &#xE08;&#xE31;&#xE07;&#xE2B;&#xE27;&#xE31;&#xE14;&#xE1E;&#xE31;&#xE07;&#xE07;&#xE32; -- &#xE40;&#xE01;&#xE32;&#xE30;&#xE2A;&#xE35;&#xE48; &#xE08;&#xE31;&#xE07;&#xE2B;&#xE27;&#xE31;&#xE14;&#xE1E;&#xE31;&#xE07;&#xE07;&#xE32; -- &#xE2A;&#xE32;&#xE21;&#xE0A;&#xE48;&#xE2D;&#xE07;&#xE43;&#xE15;&#xE49; &#xE08;&#xE31;&#xE07;&#xE2B;&#xE27;&#xE31;&#xE14;&#xE1E;&#xE31;&#xE07;&#xE07;&#xE32; --&#xE2B;&#xE32;&#xE14;&#xE1B;&#xE35;&#xE2B;&#xE25;&#xE32;&#xE22; &#xE08;&#xE31;&#xE07;&#xE2B;&#xE27;&#xE31;&#xE14;&#xE1E;&#xE31;&#xE07;&#xE07;&#xE32; -- &#xE2D;&#xE48;&#xE32;&#xE27;&#xE0A;&#xE48;&#xE2D;&#xE07;&#xE02;&#xE32;&#xE14; &#xE08;&#xE31;&#xE07;&#xE2B;&#xE27;&#xE31;&#xE14;&#xE1E;&#xE31;&#xE07;&#xE07;&#xE32; -- &#xE40;&#xE01;&#xE32;&#xE30;&#xE21;&#xE38;&#xE01; &#xE08;&#xE31;&#xE07;&#xE2B;&#xE27;&#xE31;&#xE14;&#xE1E;&#xE31;&#xE07;&#xE07;&#xE32; -- &#xE2B;&#xE32;&#xE14;&#xE1B;&#xE32;&#xE01;&#xE41;&#xE21;&#xE07; &#xE08;&#xE31;&#xE07;&#xE2B;&#xE27;&#xE31;&#xE14;&#xE15;&#xE23;&#xE31;&#xE07; -- &#xE40;&#xE01;&#xE32;&#xE30;&#xE23;&#xE2D;&#xE01; &#xE08;&#xE31;&#xE07;&#xE2B;&#xE27;&#xE31;&#xE14;&#xE01;&#xE23;&#xE30;&#xE1A;&#xE35;&#xE48; -- &#xE40;&#xE01;&#xE32;&#xE30;&#xE2B;&#xE49;&#xE2D;&#xE07; &#xE08;&#xE31;&#xE07;&#xE2B;&#xE27;&#xE31;&#xE14;&#xE01;&#xE23;&#xE30;&#xE1A;&#xE35;&#xE48; -- &#xE2B;&#xE32;&#xE14;&#xE44;&#xE23;&#xE48;&#xE40;&#xE25; &#xE08;&#xE31;&#xE07;&#xE2B;&#xE27;&#xE31;&#xE14;&#xE01;&#xE23;&#xE30;&#xE1A;&#xE35;&#xE48; -- &#xE2D;&#xE48;&#xE32;&#xE27;&#xE21;&#xE32;&#xE2B;&#xE22;&#xE32; &#xE08;&#xE31;&#xE07;&#xE2B;&#xE27;&#xE31;&#xE14;&#xE01;&#xE23;&#xE30;&#xE1A;&#xE35;&#xE48; -- &#xE2B;&#xE32;&#xE14;&#xE04;&#xE25;&#xE2D;&#xE07;&#xE21;&#xE48;&#xE27;&#xE07; &#xE08;&#xE31;&#xE07;&#xE2B;&#xE27;&#xE31;&#xE14;&#xE01;&#xE23;&#xE30;&#xE1A;&#xE35;&#xE48; -- &#xE2B;&#xE32;&#xE14;&#xE19;&#xE21;&#xE2A;&#xE32;&#xE27; &#xE08;&#xE31;&#xE07;&#xE2B;&#xE27;&#xE31;&#xE14;&#xE1B;&#xE23;&#xE30;&#xE08;&#xE27;&#xE1A;&#xE04;&#xE35;&#xE23;&#xE35;&#xE02;&#xE31;&#xE19;&#xE18;&#xE4C; -- &#xE2B;&#xE32;&#xE14;&#xE2B;&#xE34;&#xE19; &#xE2D;&#xE48;&#xE32;&#xE07;&#xE28;&#xE34;&#xE25;&#xE32; &#xE08;&#xE31;&#xE07;&#xE2B;&#xE27;&#xE31;&#xE14;&#xE0A;&#xE25;&#xE1A;&#xE38;&#xE23;&#xE35; -- &#xE2B;&#xE32;&#xE14;&#xE04;&#xE38;&#xE49;&#xE07;&#xE27;&#xE34;&#xE21;&#xE32;&#xE19; &#xE2B;&#xE32;&#xE14;&#xE40;&#xE08;&#xE49;&#xE32;&#xE2B;&#xE25;&#xE32;&#xE27; &#xE08;&#xE31;&#xE07;&#xE2B;&#xE27;&#xE31;&#xE14;&#xE08;&#xE31;&#xE19;&#xE17;&#xE1A;&#xE38;&#xE23;&#xE35; -- &#xE2B;&#xE32;&#xE14;&#xE04;&#xE25;&#xE2D;&#xE07;&#xE40;&#xE08;&#xE49;&#xE32; &#xE40;&#xE01;&#xE32;&#xE30;&#xE01;&#xE39;&#xE14; &#xE08;&#xE31;&#xE07;&#xE2B;&#xE27;&#xE31;&#xE14;&#xE15;&#xE23;&#xE32;&#xE14; -- &#xE40;&#xE02;&#xE32;&#xE41;&#xE2B;&#xE25;&#xE21;&#xE2B;&#xE0D;&#xE49;&#xE32; &#xE08;&#xE31;&#xE07;&#xE2B;&#xE27;&#xE31;&#xE14;&#xE23;&#xE30;&#xE22;&#xE2D;&#xE07;.</subfield>
  </datafield>
  <datafield tag="650" ind1=" " ind2="4">
    <subfield code="9">47505</subfield>
    <subfield code="a">&#xE17;&#xE30;&#xE40;&#xE25;</subfield>
    <subfield code="z">&#xE44;&#xE17;&#xE22;</subfield>
  </datafield>
  <datafield tag="650" ind1=" " ind2="4">
    <subfield code="9">62129</subfield>
    <subfield code="a">&#xE01;&#xE32;&#xE23;&#xE16;&#xE48;&#xE32;&#xE22;&#xE20;&#xE32;&#xE1E; </subfield>
    <subfield code="x">&#xE40;&#xE17;&#xE04;&#xE19;&#xE34;&#xE04; </subfield>
  </datafield>
  <datafield tag="651" ind1=" " ind2="4">
    <subfield code="9">482</subfield>
    <subfield code="a">&#xE44;&#xE17;&#xE22;</subfield>
    <subfield code="x">&#xE20;&#xE39;&#xE21;&#xE34;&#xE1B;&#xE23;&#xE30;&#xE40;&#xE17;&#xE28;&#xE41;&#xE25;&#xE30;&#xE01;&#xE32;&#xE23;&#xE17;&#xE48;&#xE2D;&#xE07;&#xE40;&#xE17;&#xE35;&#xE48;&#xE22;&#xE27;</subfield>
  </datafield>
  <datafield tag="850" ind1=" " ind2=" ">
    <subfield code="a">NALT</subfield>
  </datafield>
  <datafield tag="942" ind1=" " ind2=" ">
    <subfield code="c">GB</subfield>
    <subfield code="2">lcc</subfield>
  </datafield>
  <datafield tag="996" ind1=" " ind2=" ">
    <subfield code="a">chunbijaya.r</subfield>
    <subfield code="b">CATSTF	</subfield>
    <subfield code="c">2023-11-14</subfield>
  </datafield>
  <datafield tag="996" ind1=" " ind2=" ">
    <subfield code="a">saiphon.d</subfield>
    <subfield code="b">CATSTF	</subfield>
    <subfield code="c">2023-11-16</subfield>
  </datafield>
  <datafield tag="999" ind1=" " ind2=" ">
    <subfield code="c">103821</subfield>
    <subfield code="d">103821</subfield>
  </datafield>
  <datafield tag="998" ind1=" " ind2=" ">
    <subfield code="j">1524</subfield>
    <subfield code="k"> &#xE19;&#xE32;&#xE07;&#xE2A;&#xE32;&#xE27;&#xE28;&#xE23;&#xE31;&#xE13;&#xE22;&#xE4C;&#xE20;&#xE23;  &#xE0A;&#xE33;&#xE19;&#xE32;&#xE0D;&#xE1B;&#xE48;&#xE32;</subfield>
  </datafield>
  <datafield tag="952" ind1=" " ind2=" ">
    <subfield code="0">0</subfield>
    <subfield code="1">0</subfield>
    <subfield code="2">lcc</subfield>
    <subfield code="4">0</subfield>
    <subfield code="7">0</subfield>
    <subfield code="8">CGBL</subfield>
    <subfield code="a">NALT</subfield>
    <subfield code="b">NALT</subfield>
    <subfield code="c">GEN</subfield>
    <subfield code="d">2023-11-14</subfield>
    <subfield code="o">DS 566.2 &#xE2B;476&#xE17; 2557</subfield>
    <subfield code="p">3961223896</subfield>
    <subfield code="r">2024-01-04 00:00:00</subfield>
    <subfield code="w">2023-11-14</subfield>
    <subfield code="y">GB</subfield>
  </datafield>
  <datafield tag="952" ind1=" " ind2=" ">
    <subfield code="0">0</subfield>
    <subfield code="1">0</subfield>
    <subfield code="2">lcc</subfield>
    <subfield code="4">0</subfield>
    <subfield code="7">0</subfield>
    <subfield code="8">CSEN</subfield>
    <subfield code="a">NALT</subfield>
    <subfield code="b">NALT</subfield>
    <subfield code="c">GEN</subfield>
    <subfield code="d">2024-05-23</subfield>
    <subfield code="l">0</subfield>
    <subfield code="o">DS 566.2 &#xE2B;476&#xE17; 2557</subfield>
    <subfield code="p">0100007326001</subfield>
    <subfield code="r">2024-05-23 00:00:00</subfield>
    <subfield code="w">2024-05-23</subfield>
    <subfield code="y">GB</subfield>
  </datafield>
</record>
